00757nam a2200169Ia 4500008004100000041001200041082001600053100001700069245006200086260004100148300000800189650001500197942000700212999001500219952017100234952018200405221030s9999 xx 000 0 und d aEnglish a105.23bMan aD. P. Mandal 0aEngineering Mechanics Statics & Dynamicscby D. P. Mandal bS.K. Kataria & SonsaNew Delhic2002 a339 aMechanical cBK c3248d3248 pBE 5278g165.00l0o105.23 Manr2024-06-13 00:00:00w2022-10-30yBK003Print4070aMIETLIBbMIETLIBcBL-Academic Block- A, FL-1, CUP-5, SH-4, R-4d2002-06-0110HBE pBE 5279g165.00l1o105.23 Manr2024-06-13 00:00:00s2023-02-01w2022-10-30yBK003Print4070aMIETLIBbMIETLIBcBL-Academic Block C, FL-2, CUP-5, SH-4, R-4d2002-06-0110HBE